000
00226nam a22000857a 4500
008
160719b xxu||||| |||| 00| 0 eng d
100
_9
3050
_a
Moore P
245
_a
Oscar Wilde Short Stories
260
_a
New Delhi
_b
Maanu Graphics
_c
2012
999
_c
2613
_d
2613